000 00828nam1a22002411i 4500
001 v19\rc\1243772
005 20241225182527.0
035 _a(NLR Aleph) 004401214
090 _a3881163
_c3881163
100 _a20060306d1887 |||y0rusy50 ca
101 0 _arus
102 _aRU
105 _ay z |||||
200 1 _aИлиада
205 _a4-е изд., доп. Песнь 1-
210 _aМосква
_cкн. маг. В. Думнова под фирмою насл. бр. Салаевых
_d1887
215 _d18
225 1 _aПособие к чтению и изучению Гамера
_fСост. Г. Веркгаупт
_vII
700 0 _6a01
_aГомер
_f8-7 вв. до н. э.
_3RU\NLR\AUTH\7957282
_4070
_7ca
801 0 _aRU
_bNLR
_gpsbo
801 1 _aRU
_bProSoft-M
_2rusmarc
852 _aNLR
_j18.198.5.198
942 _cBOOK